01259naa#a2200241#i#4500001001600000005001700016011001400033100004100047102000700088200019900095210016900294215001000463608004500473675007000518700006200588700005200650700006400702700005800766700006200824700005400886700005600940856002100996RU\\bibl\11941320260417080008.5##a2311-8873##a20260410b2026####ek#y0rusy0150####ca##aRU1#aМЕТОДИКА РАСЧЕТНОЙ ОЦЕНКИ ТЕХНИКО-ЭКОНОМИЧЕСКИХ ОСОБЕННОСТЕЙ ПАССАЖИРСКИХ ПЕРЕВОЗОКeЖурнальная статья1#aВоронежcВоронежский государственный лесотехнический университет имени Г.Ф. Морозоваd2026##a7 с.##aЖурнальная статья2local##aЭкономические явления и законы. 330.11#1aБелокуровgСергей Владимирович#1aКононовgМихаил Сергеевич#1aПанявинаgЕкатерина Анатольевна#1aБелокуровgВладимир Петрович#1aКораблевgРуслан Александрович#1aБусаринgЭдуард Николаевич#1aГолевgАлександр Дмитриевич4#avntv.editorum.ru